Diccionario de Derecho Romano /

Guardado en:
Autor Principal: Fernández de León, Gonzalo
Formato: Libro
Idioma:Spanish
Publicado: Buenos Aires : SEA, 1962
Edición:2a. ed.
Materias:
Etiquetas: Agregar Etiqueta
Sin Etiquetas, Sea el primero en etiquetar este registro!
LEADER 00434nam a22001455a 4500
001 DER.der013240
008 180615s1962####ag#||||||||||||||#||spa||
005 20251114145838.0
245 1 0 |a Diccionario de Derecho Romano /  |c Gonzalo Fernández de León 
250 |a 2a. ed. 
260 |a Buenos Aires :  |b SEA,  |c 1962 
300 |a 717 p. 
100 1 |a Fernández de León, Gonzalo 
650 7 |a DICCIONARIOS 
859 |a DERECHO  |b BIB. DERECHO  |h 340.03  |i FER  |p 008164